000 00507nam a2200217Ia 4500
005 20250425161525.0
008 250425s9999 xx 000 0 und d
020 _a070287414
041 _aeng
082 _a621.67
100 _aHICKS, TYLER G.
245 0 _aPUMP APPLICATION ENGINEERING
250 _aS.E.
260 _aEstados Unidos
_bMCGRAW-HILL
_c1971
260 _aNEW YORK
300 _a435
650 _aBOMBAS (MECANICA)
700 _aEDWARDS, T. W.
942 _c01
010 _a22249
999 _c210935
_d210935